000 00492nam a2200181Ia 4500
001 4255
005 20260306145742.0
008 260306t2004||||xx |||||||||||||| ||spa||
041 _aESP
082 _a320.1
_bCH548
100 _aChiaramonte, José Carlos
_eAUT
245 0 _aNación y estado en Iberoamérica:
_bEl lenguaje político en tiempos de las independencias
260 _c2004
300 _a218 páginas :
_c23 cm.
650 _aGEN
654 _aCDE
942 _cLIB
_dJUS
_fJUS
_2ddc
_n
999 _c4255
_d4255